|
|
|
|
| LEADER |
01272nam a2200277 a 4500 |
| 001 |
704 |
| 003 |
BD-DhAAL |
| 008 |
090430s1979 gaua b 000 0 eng d |
| 999 |
|
|
|c 296
|d 296
|
| 010 |
|
|
|a 79101756
|
| 040 |
|
|
|a DLC
|c DLC
|d DLC
|d BD-DhAAL
|
| 082 |
0 |
0 |
|a 362.78
|
| 100 |
1 |
|
|a Brown, Judith E.
|9 41614
|
| 245 |
1 |
0 |
|a Finding the causes of child malnutrition :
|b a community handbook for developing countries /
|c Judith E. Brown and Richard C. Brown.
|
| 260 |
|
|
|a Atlanta :
|b Task Force on World Hunger, Presbyterian Church in the United States,
|c c1979.
|
| 300 |
|
|
|a 73 pages :
|b illustrations ;
|c 23 cm.
|
| 504 |
|
|
|a Includes bibliographical references (pages 56-64).
|
| 541 |
1 |
|
|e 704
|
| 650 |
|
0 |
|a Malnutrition in children.
|9 41615
|
| 650 |
|
0 |
|a Children
|x Anthropometry.
|9 41616
|
| 650 |
|
0 |
|a Nutrition surveys.
|9 41617
|
| 650 |
|
0 |
|a Children
|x Nutrition
|z Developing countries.
|9 41618
|
| 700 |
1 |
|
|a Brown, Richard Coleman,
|d 1936-
|e joint author.
|9 41619
|
| 852 |
|
|
|a Ayesha Abed Library
|c General Stacks
|
| 942 |
|
|
|2 ddc
|c BK
|
| 952 |
|
|
|0 0
|1 0
|2 ddc
|4 0
|6 362_780000000000000_BRO
|7 0
|9 273
|a BRACUL
|b BRACUL
|c GEN
|d 2009-04-30
|g 0.00
|l 0
|o 362.78 BRO
|p 3010000704
|r 2009-04-30
|t 1
|w 2009-04-30
|y BK
|x No price found in the accession register ; Previously missing book recovered on 15 September 2025
|